Т. 24; Техническая кибернетика

Bibliographische Detailangaben
Parent link:Техническая кибернетика/ Академия наук СССР (АН СССР), Всесоюзный институт научной и технической информации (ВИНИТИ). Т. 24.— , 1967-1991.— 0130-6774
Weitere Verfasser: Емельянов С. В. (редактор), Дудин Е. Б.
Sprache:Russisch
Veröffentlicht: 1988
Schlagworte:
Format: Buch
KOHA link:https://koha.lib.tpu.ru/cgi-bin/koha/opac-detail.pl?biblionumber=265240

MARC

LEADER 00000nam2a2200000 4500
001 265240
005 20231101233913.0
035 |a (RuTPU)RU\TPU\book\288241 
035 |a RU\TPU\book\288239 
090 |a 265240 
100 |a 20140625d1988 k y0rusy50 ca 
101 0 |a rus 
102 |a RU 
105 |a a z 001zy 
200 0 |a Т. 24  |f под ред. С. В. Емельянова, Е. Б. Дудина 
210 |d 1988 
215 |a 145 с.  |c ил. 
320 |a Библиогр. в конце ст. 
461 1 |0 (RuTPU)RU\TPU\book\164629  |x 0130-6774  |t Техническая кибернетика  |f Академия наук СССР (АН СССР), Всесоюзный институт научной и технической информации (ВИНИТИ)  |v Т. 24  |d 1967-1991  |s Техническая кибернетика 
606 1 |a Кибернетика техническая  |2 stltpush  |3 (RuTPU)RU\TPU\subj\39479  |9 59558 
610 1 |a программное обеспечение 
610 1 |a прикладное программное обеспечение 
610 1 |a архитектура 
610 1 |a управление 
610 1 |a создание 
610 1 |a инструментальные средства 
610 1 |a вычислительные системы 
675 |a 681.51  |v 3 
702 1 |a Емельянов  |b С. В.  |4 340 
702 1 |a Дудин  |b Е. Б.  |4 340 
801 1 |a RU  |b 63413507  |c 20081024  |g PSBO 
801 2 |a RU  |b 63413507  |c 20161205  |g PSBO 
942 |c BK